Statistics for Man Utd Starting XI (21/22)

Click here to take the quiz!

General Stats

  • This quiz has been taken 237 times
  • The average score is 11 of 15

Answer Stats

QuestionAnswer% Correct
GoalkeeperDavid De Gea
99%
Left Centre BackHarry Maguire
95%
Manager decided for next season, who just won 4-0 against Liverpoolten Hag
92%
Right Centere BackVictor Lindelof
91%
Centre MidfielderBruno Fernandes
87%
StrikerCristiano Ronaldo
87%
From December to end of seasonRalf Rangnick
86%
Manager (Start of season)Ole-Gunner Solskaer
85%
Right WingerJadon Sancho
83%
Left WingerMarcus Rashford
82%
Manager (for 2 matches, was a fill in until they found a new)Carrick
73%
Left CDMFred
61%
Right CDMScott McTominay
61%
Right BackDiego Dalot
28%
Left BackTelles
17%

Score Distribution

Percentile by Number Answered

Percent of People with Each Score

Your Score History

You have not taken this quiz